000 00954cad a22001935a 4500
001 L157710
008 130328e2013 xxk 000 0 eng d
035 _a(Sirsi) u157710
041 0 _aeng
110 2 _aUnited Kingdom
_bDepartment for Communities and Local Government
_94939
245 0 0 _aFunding boost for aspiring self-builders
_h[electronic resource]
260 _c2013
520 _aGovernment announces comprehensive range of measures designed to help people aspiring to build their own homes to get their projects off the ground. The rules for support funding under the Community Right to Build will be expanded to include self-builders giving them access to £14 million funding over the next 2 years.
590 _aKA
651 4 _aEngland
690 _aPlanning and development
_96259
856 4 0 _uhttps://www.gov.uk/government/news/funding-boost-for-aspiring-self-builders
_zView the news item free of charge at www.gov.uk
942 _n0
999 _c84443
_d84443